Harper's illustrated biochemistry. (Record no. 30723)

MARC details
000 -LEADER
fixed length control field 00486nam a2200193Ia 4500
020 ## - INTERNATIONAL STANDARD BOOK NUMBER
ISBN 9781259252860
050 ## - CALL MARK
Classification number QP 514 .R63/
100 ## - STATEMENT OF RESPONSIBILITY--MAIN AUTHOR NAME
Personal name Rodwell, W. Victor... [et al.]
245 #0 - TITLE STATEMENT
Title Harper's illustrated biochemistry.
250 ## - EDITION / VOLUME STATEMENT
Edition / Volume statement 30th ed.
260 ## - PUBLICATION, DISTRIBUTION, ETC. (IMPRINT)
Place of publication New York
260 ## - PUBLICATION, DISTRIBUTION, ETC. (IMPRINT)
Name of publisher Lange Medical Books/McGraw-Hill
260 ## - PUBLICATION, DISTRIBUTION, ETC. (IMPRINT)
Year of publication 2015
300 ## - PHYSICAL DESCRIPTION
Number of Pages 817 p
650 ## - SUBJECT ADDED ENTRY--TOPICAL TERM
Topical Term Biochemistry
942 ## - ADDED ENTRY ELEMENTS (KOHA)
Koha item type Books
Holdings
Withdrawn status Lost status Source of classification or shelving scheme Damaged status Not for loan Permanent Location Current Location Shelving location Date acquired Accession Number Price effective from Koha item type
    Library of Congress Classification     NILE UNIVERSITY OF NIGERIA - MAIN LIBRARY NILE UNIVERSITY OF NIGERIA - MAIN LIBRARY Items on shelf 04/23/2025 0187966 04/23/2025 Books